| 000 -ლიდერი |
| ფიქსირებული სიგრძის საკონტროლო ველი |
01203nam a2200229Ia 4500 |
| 001 - საკონტროლო ნომერი |
| საკონტროლო ველი |
2682 |
| 003 - საკონტროლო ნომრის იდენტიფიკატორი |
| საკონტროლო ველი |
GE_BSU |
| 005 - ბოლო ოპერაციის თარიღი და დრო |
| საკონტროლო ველი |
20221128105706.0 |
| 008 - ფიქსირებული სიგრძის მონაცემთა ელემენტები - ზოგადი ინფორმაცია |
| ფიქსირებული სიგრძის საკონტროლო ველი |
181216s2010||||ge |||||||||||||| ||geo|| |
| 020 ## - წიგნის საერთაშორისო სტანდარტული ნომერი |
| International Standard Book Number |
198-6238 |
| 040 ## - კატალოგიზაციის წყარო |
| Transcribing agency |
GE_BSU |
| 041 ## - ენის კოდი |
| Language code of text/sound track or separate title |
geo |
| 080 ## - უნივერსალური ათობითი კლასიფიკაციის ინდექსი |
| Universal Decimal Classification number |
159.9 ს–323 |
| 245 ## - ცნობა სათაურის შესახებ |
| Title |
საქართველოს ფსიქოლოგიის მაცნე : |
| Remainder of title |
2010. N 1 / |
| Statement of responsibility, etc |
დიმიტრი უზნაძის ფსიქოლოგიის ინსტიტუტი; ილიას სახელმწიფო უნივერსიტეტი; სარედაქციო საბჭო: ირაკლი იმედაძე, მარინა ბალიაშვილი, ზურაბ ვახანია. |
| 264 ## - წარმოების, გამოცემის, დისტრიბუციის და სხვა ცნობები |
| გამოცემის, წარმოების, დისტრიბუციის... ადგილი |
თბლისი, |
| გამოცემის, წარმოების, დისტრიბუციის... თარიღი |
2010. |
| 300 ## - ფიზიკური აღწერა |
| Extent |
207 გვ.; |
| Other physical details |
29 სმ. |
| 653 ## - INDEX TERM--UNCONTROLLED |
| Uncontrolled term |
ფსიქოლოგია |
| 700 ## - ADDED ENTRY--PERSONAL NAME |
| Personal name |
იმედაძე, ირაკლი |
| Relator term |
რედაქტორი |
| 9 (RLIN) |
5687 |
| 700 ## - ADDED ENTRY--PERSONAL NAME |
| Personal name |
ბალიაშვილი, მარინა |
| Relator term |
რედაქტორი |
| 9 (RLIN) |
2793 |
| 700 ## - ADDED ENTRY--PERSONAL NAME |
| Personal name |
ვახანია, ზურაბ |
| Relator term |
რედაქტორი |
| 9 (RLIN) |
13043 |
| 942 ## - ADDED ENTRY ELEMENTS (KOHA) |
| Koha item type |
წიგნი |
| Source of classification or shelving scheme |
|